000 00472nam a2200157Ia 4500
999 _c3169
_d3169
003 OSt
005 20200821130928.0
008 190216s9999||||xx |||||||||||||| ||und||
040 _coclc
082 _a628
_bRAM/E
100 _aRamachandraiah, M
_94271
245 0 _aEnvironmental Engineering /
_cM Ramachandraiah
260 _bRadiant Publishing House,
_c2003.
_aHyderbad:
650 _aChemistry-Chemistry
942 _cBK
_2ddc
_h628
_iRAM/E
_k628
_mRAM/E